000 00697cab a2200241 4500
001 WB2939-47
008 090401t1993 xxu||||| |||| 00| 0 eng d
035 _a(Sirsi) u54213
041 _aeng
245 _aRICS Awards 1993
260 _c1993
350 _a0
490 _aRICS Press Release
_v(PR201.93corp) 20 October 1993
650 _aABOUT RICS-RICS AWARDS
650 _aRICS BUILDING CONSERVATION AWARD
650 _aRICS CONSERVATION IN THE COUNTRYSIDE AWARD
650 _aRICS CRAFTMANSHIP IN BUILDING CONSERVATION AWARD
650 _aRICS EFFICIENT BUILDING AWARD
650 _aRICS GREENING THE CITY AWARD
690 _aCONSERVATION
942 _n0
948 _c04/03/1997
999 _c33237
_d33237